| 000 | 00699nam a2200205 i 4500 | ||
|---|---|---|---|
| 001 | 121341 | ||
| 003 | ES-MaACL | ||
| 005 | 20230906191734.0 | ||
| 007 | t| | ||
| 008 | 070214m19631972sp r ||||1| spa d | ||
| 100 | 1 |
_aPopper, Hans. _993107 |
|
| 245 | 1 | 0 |
_aProgresos de patología hepática / _cdirigido por Hans Popper, Felton Schaffner ; traducción de T. Amat Puértolas. |
| 260 |
_aBarcelona : _bCientífico Médica, _c1963-72. |
||
| 300 |
_a3 v., 2 lám. : _bil. ; _c25 cm. |
||
| 500 | _aSon los volumenes I, II, III. | ||
| 650 | 4 |
_aHígado- _xEnfermedades. _9136251 |
|
| 700 | 1 |
_aSchaffner, Felton. _9104209 |
|
| 700 | 1 |
_aAmat Puértolas, T. _921143 |
|
| 852 |
_aES-MaACL _jP-1190 _bR.51904 |
||
| 999 |
_c121341 _d121341 |
||